| 000 | 00576cam a2200193ua 4500 | ||
|---|---|---|---|
| 001 | 9561 | ||
| 008 | 160218n ii |||gr||||Z||||||eng | ||
| 020 | _a9789350741566 | ||
| 040 | _cMAIN | ||
| 041 | _aeng | ||
| 082 | _a907.2 | ||
| 100 |
_aSarkar, Anil Kumar, _eAuthor. |
||
| 245 | 1 |
_aHistorians and historiography of Bengal and North East India : _bdimensions and perspectives / _ced. by Anil Kumar Sarkar . |
|
| 250 | _a1st ed. | ||
| 260 |
_aNew Delhi: _bAbhijeet publications, _c2015. |
||
| 300 | _a290p. | ||
| 653 | _aEducation, research & related topics | ||
| 942 | _cBK | ||
| 999 |
_c8593 _d8593 |
||